[Event "HUN Team Ch"]
[Site "HUN"]
[Date "1993.??.??"]
[Round "?"]
[White "Letay, Gyula"]
[Black "Pesztericz, Laszlo"]
[Result "0-1"]
[WhiteElo "2285"]
[BlackElo "2245"]
[PlyCount "112"]
[EventDate "1993.??.??"]
[Source "www.chesslib.no"]
[SourceDate "2004.05.04"]

1. e4 e5 2. Nf3 Nc6 3. Bc4 Bc5 4. c3 Nf6 5. d4 exd4 6. cxd4 Bb4+ 7. Nc3 Nxe4 8. Qb3 O-O 9. O-O Bxc3 10. bxc3 Na5 11. Bxf7+ Rxf7 12. Qd5 Nxc3 13. Qxa5 Ne2+ 14. Kh1 d6 15. Be3 Nf4 16. Bxf4 Rxf4 17. Rae1 Bg4 18. Qd5+ Kh8 19. Qxb7 Bxf3 20. gxf3 Rxd4 21. Re7 Rb4 22. Qxc7 Qxc7 23. Rxc7 Ra4 24. Rfc1 h6 25. R1c2 Rf8 26. Rd7 Rxf3 27. Rxd6 Rfa3 28. Rdd2 Kh7 29. Kg2 Rg4+ 30. Kf1 Rh3 31. Rd7 a5 32. Rd5 a4 33. Rdc5 Rxh2 34. R5c4 Rhh4 35. Rc7 Rh3 36. Ke2 Ra3 37. R7c3 Rxc3 38. Rxc3 Rb4 39. Ra3 g5 40. Kf3 Kg6 41. Kg3 h5 42. Kg2 g4 43. Kg3 Kg5 44. Kh2 Kf4 45. Kg1 h4 46. Kg2 h3+ 47. Kh2 Rb2 48. Rxa4+ Kf3 49. Ra3+ Kxf2 50. Rg3 Kf1+ 51. Kh1 Rg2 52. Rb3 Rxa2 53. Rxh3 Ra5 54. Rh4 Rg5 55. Kh2 Kf2 56. Kh1 Kg3 0-1

[Event "La Coruna op"]
[Site "La Coruna"]
[Date "1996.??.??"]
[Round "?"]
[White "Feijoo Novoa, Carlos"]
[Black "Brito Garcia, Alfredo"]
[Result "0-1"]
[WhiteElo "2130"]
[BlackElo "2395"]
[PlyCount "59"]
[EventDate "1996.07.??"]
[Source "www.chesslib.no"]
[SourceDate "2004.05.04"]

1. e4 e5 2. Nf3 Nc6 3. Bc4 Bc5 4. c3 Nf6 5. d4 exd4 6. cxd4 Bb4+ 7. Nc3 Nxe4 8. O-O Bxc3 9. d5 Ne5 10. bxc3 Nxc4 11. Qd4 O-O 12. Qxe4 Nd6 13. Qd3 Qf6 14. Bg5 Qf5 15. Qxf5 Nxf5 16. g4 f6 17. Bf4 Nh6 18. Bxc7 d6 19. h3 Nf7 20. Nd4 Bd7 21. Rae1 Rac8 22. Ba5 Ne5 23. f4 Nc4 24. Re7 Rf7 25. Rxf7 Kxf7 26. Bb4 a5 27. Rb1 axb4 28. Rxb4 Na5 29. Nb3 Nxb3 30. axb3 0-1

[Event "Trenque Lauquen Masters"]
[Site "Buenos Aires"]
[Date "1998.10.05"]
[Round "?"]
[White "Mahia, Gustavo"]
[Black "Pirotzky, Mario"]
[Result "1/2-1/2"]
[WhiteElo "2375"]
[BlackElo "2145"]
[PlyCount "65"]
[EventDate "1998.10.??"]
[Source "www.chesslib.no"]
[SourceDate "2004.05.04"]

1. e4 e5 2. Nf3 Nc6 3. Bc4 Bc5 4. c3 Nf6 5. d4 exd4 6. cxd4 Bb4+ 7. Nc3 Nxe4 8. O-O Bxc3 9. d5 Bf6 10. Re1 Ne7 11. Rxe4 O-O 12. d6 Ng6 13. dxc7 Qxc7 14. Bg5 d5 15. Bxd5 Bf5 16. Rc4 Qb6 17. Bxf6 gxf6 18. Qb3 Be6 19. Bxe6 Qxe6 20. Rc7 b6 21. Qxe6 fxe6 22. Rd1 Rf7 23. Rc6 e5 24. Rdd6 Kg7 25. Kf1 Re8 26. Rd3 Ree7 27. g3 Rd7 28. Rxd7 Rxd7 29. Ke2 Kf7 30. Ke3 Ne7 31. Rc4 Ke6 32. Nd2 Nf5+ 33. Ke2 1/2-1/2

[Event "Taastrup 30. anniv Open"]
[Site "?"]
[Date "2002.11.27"]
[Round "6"]
[White "Nordenbaek Jan"]
[Black "Naes Flovin Tor"]
[Result "1-0"]
[WhiteElo "2237"]
[BlackElo "2280"]
[PlyCount "67"]
[EventDate "2002.??.??"]
[Source "www.chesslib.no"]
[SourceDate "2004.05.04"]

1. e4 e5 2. Nf3 Nc6 3. Bc4 Bc5 4. c3 Nf6 5. d4 exd4 6. cxd4 Bb4+ 7. Nc3 Nxe4 8. O-O Bxc3 9. d5 Bf6 10. Re1 Ne7 11. Rxe4 d6 12. g4 O-O 13. g5 Be5 14. Nxe5 dxe5 15. Rxe5 Qd6 16. Re4 Ng6 17. h4 Rd8 18. h5 Bf5 19. Rd4 c5 20. hxg6 cxd4 21. gxf7+ Kxf7 22. Qxd4 Rac8 23. b3 Re8 24. Bb2 Kg6 25. Qxg7+ Kh5 26. Kg2 Rxc4 27. bxc4 Qf4 28. Qf7+ Kg4 29. Qxe8 Qf3+ 30. Kf1 Be4 31. Qe6+ Kh5 32. Qh6+ Kg4 33. Qh2 Kf5 34. Re1 1-0

[Event "Buenos Aires PRENAJ"]
[Site "Buenos Aires ARG"]
[Date "1994.??.??"]
[Round "1"]
[White "Fernandez Balague, Leo"]
[Black "Olivieri, Martin"]
[Result "0-1"]
[WhiteElo "2245"]
[BlackElo "2270"]
[PlyCount "54"]
[EventDate "1994.??.??"]
[Source "www.chesslib.no"]
[SourceDate "2004.05.04"]

1. e4 e5 2. Nf3 Nc6 3. Bc4 Bc5 4. c3 Nf6 5. d4 exd4 6. cxd4 Bb4+ 7. Nc3 Nxe4 8. O-O Bxc3 9. d5 Bf6 10. Re1 Ne7 11. Rxe4 d6 12. Bg5 Bxg5 13. Nxg5 h6 14. Qe2 hxg5 15. Re1 Be6 16. dxe6 f6 17. Re3 g6 18. Rh3 Rxh3 19. gxh3 c6 20. b4 Kf8 21. h4 gxh4 22. Qg4 Kg7 23. Qxh4 Qh8 24. Qg3 Nf5 25. Qa3 Qh4 26. Bf1 Qg5+ 27. Kh1 Qd2 0-1

[Event "Aarhus-A"]
[Site "Aarhus DEN"]
[Date "1993.??.??"]
[Round "4"]
[White "Hoiberg, Nina"]
[Black "Ochsner, Thomas"]
[Result "1/2-1/2"]
[WhiteElo "2230"]
[BlackElo "2275"]
[PlyCount "87"]
[EventDate "1993.??.??"]
[Source "www.chesslib.no"]
[SourceDate "2004.05.04"]

1. e4 e5 2. Nf3 Nc6 3. Bc4 Bc5 4. c3 Nf6 5. d4 exd4 6. cxd4 Bb4+ 7. Nc3 Nxe4 8. O-O Bxc3 9. d5 Bf6 10. Re1 Ne7 11. Rxe4 d6 12. Bg5 Bxg5 13. Nxg5 h6 14. Qe2 hxg5 15. Re1 Be6 16. dxe6 f6 17. Re3 c6 18. Rh3 Rxh3 19. gxh3 g6 20. b4 Kf8 21. Qb2 Kg7 22. Re3 Qc7 23. Rf3 Rf8 24. Qd4 c5 25. bxc5 dxc5 26. Qb2 b6 27. Rd3 Rd8 28. Qb5 Rxd3 29. Bxd3 Qc6 30. Qb3 Qd6 31. Bc4 Kf8 32. Qf3 Kg7 33. Qb3 Qc7 34. Qd1 Kf8 35. Qf3 Nf5 36. Qa8+ Ke7 37. Qg8 Kd6 38. Qxg6 Nd4 39. Qxf6 Qe7 40. Qh8 b5 41. Qb8+ Qc7 42. Qf8+ Qe7 43. Qb8+ Qc7 44. Qf8+ 1/2-1/2

[Event "Cannes op-B 18th"]
[Site "Cannes"]
[Date "1997.??.??"]
[Round "9"]
[White "Kuntz, Pierre"]
[Black "Lacrosse, Marc"]
[Result "0-1"]
[WhiteElo "2215"]
[BlackElo "2285"]
[PlyCount "79"]
[EventDate "1997.02.22"]
[Source "www.chesslib.no"]
[SourceDate "2004.05.04"]

1. e4 e5 2. Nf3 Nc6 3. Bc4 Bc5 4. c3 Nf6 5. d4 exd4 6. cxd4 Bb4+ 7. Nc3 Nxe4 8. O-O Bxc3 9. d5 Ba5 10. dxc6 bxc6 11. Qa4 Bb6 12. Bxf7+ Kxf7 13. Qxe4 d5 14. Qc2 Qf6 15. Bg5 Bf5 16. Qd2 Qe6 17. Be3 h6 18. Rfe1 Be4 19. Bxb6 cxb6 20. Nd4 Qf6 21. f3 Bf5 22. Rac1 Bd7 23. Rc3 Rhe8 24. Rce3 Rxe3 25. Rxe3 Re8 26. Rxe8 Bxe8 27. f4 Bd7 28. Nf3 Bf5 29. Ne5+ Kg8 30. b4 Qd6 31. a4 Be4 32. h3 d4 33. Qe2 d3 34. Qd2 Qd4+ 35. Kh2 c5 36. bxc5 bxc5 37. Qa2+ Bd5 38. Qd2 c4 39. Nf3 c3 40. Qd1 0-1

[Event "40-FS-XXIII UDSJ"]
[Site "corr"]
[Date "1998.??.??"]
[Round "?"]
[White "Kovacevic, Milorad"]
[Black "Brindza, Istvan"]
[Result "0-1"]
[WhiteElo "2250"]
[BlackElo "2250"]
[PlyCount "88"]
[EventDate "1998.??.??"]
[Source "www.chesslib.no"]
[SourceDate "2004.05.04"]

1. e4 e5 2. Nf3 Nc6 3. Bc4 Bc5 4. c3 Nf6 5. d4 exd4 6. cxd4 Bb4+ 7. Nc3 Nxe4 8. O-O Bxc3 9. d5 Bf6 10. Re1 Ne7 11. Rxe4 d6 12. Bg5 Bxg5 13. Nxg5 h6 14. Qe2 hxg5 15. Re1 Be6 16. dxe6 f6 17. Re3 Kf8 18. Rh3 Rxh3 19. gxh3 g6 20. h4 gxh4 21. Qe4 Kg7 22. Qxb7 Qb8 23. Qe4 Qb4 24. Re2 c6 25. a3 Qa4 26. Rd2 d5 27. Bxd5 Qb5 28. Bxc6 Qxc6 29. Qxc6 Nxc6 30. Rd7+ Kg8 31. b4 Ne5 32. Rb7 h3 33. f4 Ng4 34. e7 Re8 35. Rxa7 Kf7 36. Rc7 Rxe7 37. Rxe7+ Kxe7 38. a4 Kd6 39. a5 Kc6 40. a6 Kb6 41. b5 f5 42. Kf1 Nxh2+ 43. Kf2 Ng4+ 44. Kg3 h2 0-1

[Event "Corr"]
[Site "?"]
[Date "2001.11.01"]
[Round "?"]
[White "Glaser Karel (CZE)"]
[Black "Ramirez Abraham Raul (ARG)"]
[Result "1-0"]
[WhiteElo "2145"]
[BlackElo "2354"]
[PlyCount "69"]
[EventDate "2001.??.??"]
[Source "www.chesslib.no"]
[SourceDate "2004.05.04"]

1. e4 e5 2. Nf3 Nc6 3. Bc4 Bc5 4. c3 Nf6 5. d4 exd4 6. cxd4 Bb4+ 7. Nc3 Nxe4 8. O-O Bxc3 9. d5 Ne5 10. Qe2 O-O 11. bxc3 Nxc4 12. Qxe4 b5 13. a4 Re8 14. Qd3 Ba6 15. Ng5 g6 16. Rb1 c6 17. Qf3 Ne5 18. Qh3 h5 19. Ne4 Ng4 20. Nd6 bxa4 21. c4 Re2 22. Qa3 cxd5 23. Qf3 Qf8 24. Qxd5 Re6 25. Ba3 Rb8 26. h3 Nf6 27. Qd4 Rb3 28. Rxb3 axb3 29. Ra1 Qa8 30. Bb2 Qc6 31. Rd1 Bb7 32. f3 Qc7 33. Kh1 Qb8 34. Qf4 Bc6 35. Bxf6 1-0

[Event "Montreal Open"]
[Site "Montreal CAN"]
[Date "1995.??.??"]
[Round "2"]
[White "Johnstone, Glenn"]
[Black "Djerkovic, Miladin"]
[Result "1/2-1/2"]
[WhiteElo "2295"]
[BlackElo "2190"]
[PlyCount "68"]
[EventDate "1995.??.??"]
[Source "www.chesslib.no"]
[SourceDate "2004.05.04"]

1. e4 e5 2. Nf3 Nc6 3. Bc4 Bc5 4. c3 Nf6 5. d4 exd4 6. cxd4 Bb4+ 7. Nc3 Nxe4 8. O-O Bxc3 9. d5 Bf6 10. Re1 Ne7 11. Rxe4 d6 12. Bg5 Bxg5 13. Nxg5 h6 14. Qe2 hxg5 15. Re1 Be6 16. dxe6 f6 17. Re3 c6 18. Rh3 Rxh3 19. gxh3 g6 20. Rd1 Qc7 21. Qf3 Nf5 22. Bd3 O-O-O 23. Bxf5 gxf5 24. Qxf5 Qe7 25. Re1 d5 26. h4 gxh4 27. Qg4 d4 28. Qxh4 d3 29. Qg4 d2 30. Rd1 Rd5 31. h4 f5 32. Qe2 Rd6 33. Rxd2 Rxe6 34. Qf3 Re1+ 1/2-1/2

[Event "AUT-chT2O 9798"]
[Site "Austria"]
[Date "1997.11.09"]
[Round "3"]
[White "Stummer, Walter"]
[Black "Sandor, Christian"]
[Result "0-1"]
[WhiteElo "2135"]
[BlackElo "2345"]
[PlyCount "160"]
[EventDate "1997.??.??"]
[Source "www.chesslib.no"]
[SourceDate "2004.05.04"]

1. e4 e5 2. Nf3 Nc6 3. Bc4 Bc5 4. c3 Nf6 5. d4 exd4 6. cxd4 Bb4+ 7. Nc3 Nxe4 8. O-O Bxc3 9. d5 Bf6 10. Re1 Ne7 11. Rxe4 d6 12. Bg5 Bxg5 13. Nxg5 h6 14. Qe2 hxg5 15. Re1 Be6 16. dxe6 f6 17. Re3 c6 18. Rh3 Rxh3 19. gxh3 g6 20. b4 Kf8 21. Qb2 Kg7 22. Re3 Qc7 23. h4 gxh4 24. Rf3 Rf8 25. Bd3 d5 26. Qd4 Qe5 27. Qxa7 Qxe6 28. Re3 Qg4+ 29. Kf1 Rf7 30. Be2 Qxb4 31. Rb3 Qf4 32. Rxb7 Qxh2 33. Bf3 Qh3+ 34. Bg2 Qe6 35. Kg1 Nf5 36. a4 Rxb7 37. Qxb7+ Kh6 38. Qb4 Qd6 39. Qd2+ Kg7 40. a5 Qa3 41. Bf1 Qa1 42. a6 h3 43. Qd3 c5 44. Qxd5 h2+ 45. Kxh2 Qxf1 46. Qb7+ Kh6 47. a7 Qxf2+ 48. Qg2 Qf4+ 49. Kg1 Qd4+ 50. Kh2 Qe5+ 51. Kh3 Qf4 52. Qg4 Qe3+ 53. Kh2 Qe5+ 54. Kh3 Qd5 55. Qg2 Qd7 56. Qa2 Ne3+ 57. Kh2 Qc7+ 58. Kh1 Qb7+ 59. Kg1 Qa8 60. Qh2+ Kg5 61. Qg3+ Kf5 62. Qh3+ Kf4 63. Qh2+ Kg4 64. Qe2+ Kf5 65. Qd3+ Kf4 66. Qd6+ Kg4 67. Qg3+ Kf5 68. Qh3+ Ng4 69. Qf1+ Ke6 70. Qc4+ Kd6 71. Qf4+ Ne5 72. Qxf6+ Kd5 73. Qa6 Nc6 74. Qa2+ Kd6 75. Qh2+ Kd7 76. Qh7+ Kc8 77. Qxg6 Kb7 78. Qf7+ Kb6 79. Qb3+ Nb4 80. Qe6+ Kxa7 0-1